Statistics for Top 10 Countries With Most Air Passengers to the US

Click here to take the quiz!

General Stats

  • This quiz has been taken 154 times
  • The average score is 9 of 10

Answer Stats

PassengersCountry% Correct
27.46 mil Canada
99%
25.60 mil Mexico
99%
6.86 mil France
98%
18.17 milUnited Kingdom
98%
10.14 milGermany
96%
8.90 mil China
95%
10.71 milJapan
95%
5.37 mil Brazil
92%
5.22 mil South Korea
76%
6.55 mil Dominican Republic
27%

Score Distribution

Percentile by Number Answered

Percent of People with Each Score

Your Score History

You have not taken this quiz